000 00263nam a2200097Ia 4500
008 190216s9999||||xx |||||||||||||| ||und||
100 _aLorence Wells
245 0 _aObservers Book Of Fresh Water Fishes
260 _bPublications Division Govt. Of India
942 _cBK
999 _c37329
_d37329